<?xml version="1.0" encoding="UTF-8"?>
<record
    xmlns:xsi="http://www.w3.org/2001/XMLSchema-instance"
    xsi:schemaLocation="http://www.loc.gov/MARC21/slim http://www.loc.gov/standards/marcxml/schema/MARC21slim.xsd"
    xmlns="http://www.loc.gov/MARC21/slim">

  <leader>00692nam a22002177a 4500</leader>
  <controlfield tag="003">OSt</controlfield>
  <controlfield tag="005">20260609093700.0</controlfield>
  <controlfield tag="008">260609b        |||||||| |||| 00| 0 eng d</controlfield>
  <datafield tag="020" ind1=" " ind2=" ">
    <subfield code="a">9780073378756</subfield>
  </datafield>
  <datafield tag="040" ind1=" " ind2=" ">
    <subfield code="c">Chuka University Library</subfield>
  </datafield>
  <datafield tag="050" ind1=" " ind2=" ">
    <subfield code="a">LB 1775.2</subfield>
    <subfield code="b">.S2 2010</subfield>
  </datafield>
  <datafield tag="100" ind1=" " ind2=" ">
    <subfield code="a">Sadker David Miller, Karen R. Zittleman</subfield>
    <subfield code="9">27705</subfield>
  </datafield>
  <datafield tag="245" ind1=" " ind2=" ">
    <subfield code="a">Teachers, Schools and Society</subfield>
  </datafield>
  <datafield tag="250" ind1=" " ind2=" ">
    <subfield code="a">9th Ed.</subfield>
  </datafield>
  <datafield tag="260" ind1=" " ind2=" ">
    <subfield code="a">New York</subfield>
    <subfield code="b">McGraw Hill</subfield>
    <subfield code="c">2010</subfield>
  </datafield>
  <datafield tag="300" ind1=" " ind2=" ">
    <subfield code="a">xxiv, 473P in Various Pagings</subfield>
    <subfield code="b">Colored Illustrations</subfield>
  </datafield>
  <datafield tag="650" ind1=" " ind2=" ">
    <subfield code="a">Teaching</subfield>
    <subfield code="9">9404</subfield>
  </datafield>
  <datafield tag="650" ind1=" " ind2=" ">
    <subfield code="a">Education- Study and Teaching- United States</subfield>
    <subfield code="9">27706</subfield>
  </datafield>
  <datafield tag="650" ind1=" " ind2=" ">
    <subfield code="a">Teachers- Training of- United States</subfield>
    <subfield code="9">27707</subfield>
  </datafield>
  <datafield tag="942" ind1=" " ind2=" ">
    <subfield code="2">lcc</subfield>
    <subfield code="c">BK</subfield>
    <subfield code="n">0</subfield>
  </datafield>
  <datafield tag="952" ind1=" " ind2=" ">
    <subfield code="0">0</subfield>
    <subfield code="1">0</subfield>
    <subfield code="2">lcc</subfield>
    <subfield code="4">0</subfield>
    <subfield code="7">0</subfield>
    <subfield code="8">LGL</subfield>
    <subfield code="a">CHK</subfield>
    <subfield code="b">CHK</subfield>
    <subfield code="c">GEN</subfield>
    <subfield code="d">2026-06-09</subfield>
    <subfield code="e">Donation from Books for Africa</subfield>
    <subfield code="l">0</subfield>
    <subfield code="o">LB 1775.2 .S2 2010</subfield>
    <subfield code="p">33241/2026</subfield>
    <subfield code="r">2026-06-09 09:41:10</subfield>
    <subfield code="t">1</subfield>
    <subfield code="w">2026-06-09</subfield>
    <subfield code="y">BK</subfield>
  </datafield>
  <datafield tag="952" ind1=" " ind2=" ">
    <subfield code="0">0</subfield>
    <subfield code="1">0</subfield>
    <subfield code="2">lcc</subfield>
    <subfield code="4">0</subfield>
    <subfield code="7">0</subfield>
    <subfield code="8">LGL</subfield>
    <subfield code="a">CHK</subfield>
    <subfield code="b">CHK</subfield>
    <subfield code="c">GEN</subfield>
    <subfield code="d">2026-06-09</subfield>
    <subfield code="e">Donation from Books for Africa</subfield>
    <subfield code="l">0</subfield>
    <subfield code="o">LB 1775.2 .S2 2010</subfield>
    <subfield code="p">33242/2026</subfield>
    <subfield code="r">2026-06-09 09:41:10</subfield>
    <subfield code="t">2</subfield>
    <subfield code="w">2026-06-09</subfield>
    <subfield code="y">BK</subfield>
  </datafield>
  <datafield tag="952" ind1=" " ind2=" ">
    <subfield code="0">0</subfield>
    <subfield code="1">0</subfield>
    <subfield code="2">lcc</subfield>
    <subfield code="4">0</subfield>
    <subfield code="7">0</subfield>
    <subfield code="8">LGL</subfield>
    <subfield code="a">CHK</subfield>
    <subfield code="b">CHK</subfield>
    <subfield code="c">GEN</subfield>
    <subfield code="d">2026-06-09</subfield>
    <subfield code="e">Donation from Books for Africa</subfield>
    <subfield code="l">0</subfield>
    <subfield code="o">LB 1775.2 .S2 2010</subfield>
    <subfield code="p">33243/2026</subfield>
    <subfield code="r">2026-06-09 09:41:10</subfield>
    <subfield code="t">3</subfield>
    <subfield code="w">2026-06-09</subfield>
    <subfield code="y">BK</subfield>
  </datafield>
  <datafield tag="952" ind1=" " ind2=" ">
    <subfield code="0">0</subfield>
    <subfield code="1">0</subfield>
    <subfield code="2">lcc</subfield>
    <subfield code="4">0</subfield>
    <subfield code="7">0</subfield>
    <subfield code="8">LGL</subfield>
    <subfield code="a">CHK</subfield>
    <subfield code="b">CHK</subfield>
    <subfield code="c">GEN</subfield>
    <subfield code="d">2026-06-09</subfield>
    <subfield code="e">Donation from Books for Africa</subfield>
    <subfield code="l">0</subfield>
    <subfield code="o">LB 1775.2 .S2 2010</subfield>
    <subfield code="p">33244/2026</subfield>
    <subfield code="r">2026-06-09 09:41:10</subfield>
    <subfield code="t">4</subfield>
    <subfield code="w">2026-06-09</subfield>
    <subfield code="y">BK</subfield>
  </datafield>
  <datafield tag="999" ind1=" " ind2=" ">
    <subfield code="c">23557</subfield>
    <subfield code="d">23557</subfield>
  </datafield>
</record>
